00189 a2200097 4500020001500000100001300015245003600028250000800064260001100072300000800083 a0132107252 aJ. Orlin aInternational financial markets a3rd aLondon a492